Biggest Romanian counties(by land area) - Statistics

General Stats
  • This quiz has been taken 28 times
  • The average score is 8 of 10
Answer Stats
Hint Answer % Correct
8,692 km2 Timiș
100%
7,104 km2 Constanța
96%
7,539 km2 Bihor
88%
8,692 km2 Suceava
88%
8,484 km2 Tulcea
88%
7,746 km2 Arad
76%
7,425 km2 Dolj
72%
7,072 km2 Hunedoara
60%
6,822 km2 Argeș
56%
8,532 km2 Caraș-Severin
48%
No matching quizzes found
Score Distribution
Percent of People with Each Score
Percentile by Number Answered
Your Score History
You have not taken this quiz